| 000 | 00444nam a2200181Ia 4500 | ||
|---|---|---|---|
| 005 | 20240921120638.0 | ||
| 008 | 240921s9999||||xx |||||||||||||| ||und|| | ||
| 041 | _aENGLISH | ||
| 082 | _A006.6 M4 | ||
| 100 | _aAllan,Boris | ||
| 245 | 0 | _aGraphic Art For the Electron Computer | |
| 250 | _a1st | ||
| 260 |
_c1984 _bSunshine,London |
||
| 500 | _aBBC Computer | ||
| 650 |
_aGraphics _bComputer Applications |
||
| 942 | _cBK | ||
| 999 |
_c247214 _d247214 |
||